Score 0/16 Timer 03:00
1 Play Today
Scrambled Center 6-Letter Word % Correct
TAILitalic
91.5%
SIMPimpish
87.4%
PALMimpala
84.6%
RINKirking
83.8%
DINGindigo
83.8%
ODICidiocy
80.9%
DINOiodine
79.5%
CAMPimpact
78.1%
Scrambled Center 6-Letter Word % Correct
BERNinbred
77.5%
LESTitself
76.6%
NETSinstep
76.1%
SEANinseam
72.3%
RAREirreal
62.2%
GUMPimpugn
61.9%
SOMEisomer
60.9%
SIREirises
57.3%

You're not logged in!

Compare scores with friends on all Sporcle quizzes.
OR
Log In

Sporcle TV

Today on Sporcle TV


Watch our educational content, quiz creation guides, and fun videos on Sporcle TV.

Show Comments

Extras

Top Quizzes Today


Score Distribution

Your Account Isn't Verified!

In order to create a playlist on Sporcle, you need to verify the email address you used during registration. Go to your Sporcle Settings to finish the process.

Report this User

Report this user for behavior that violates our Community Guidelines.

Details: